De la notion de salaire individual a la notion de salaire social

Spremljeno u:
Bibliografski detalji
Glavni autor: Pippi, Félix (Autor)
Format: Knjiga
Jezik:francuski
Izdano: París R. Pichon et R. Durand-Auzias 1966
Serija:Bibliotheque D'ouvrages de Droit Social, 8
Teme:
Oznake: Dodaj oznaku
Bez oznaka, Budi prvi tko označuje ovaj zapis!

MARC

LEADER 00000nam a2200000 a 4500
001 UCV1697
003 CL-VaPUC
008 901107e19660000FR |||||||||||||||||fre|d
082 0 4 |a 344.012  |b PIP  |2 21 
100 0 |a Pippi, Félix  |e author  |9 295946 
245 1 0 |a De la notion de salaire individual a la notion de salaire social 
300 |a 565 p 
942 |c BK 
945 |d 19901107 00:00:00 
260 |a París  |b R. Pichon et R. Durand-Auzias  |c 1966 
650 0 |a Salarios  |9 255321 
650 0 |a Derecho y legislación   |9 255077 
651 0 |a Francia  |9 255157 
583 |a last modification  |c 19901107 00:00:00  |k Rodrigo Vera 
490 0 |a Bibliotheque D'ouvrages de Droit Social, 8 
999 |c 209561  |d 209559 
952 |0 0  |1 0  |4 0  |6 344_012000000000000_PIP_1966  |7 0  |8 A  |9 185045  |a BIBDER  |b BIBDER  |d 2019-11-14  |i 2524163  |o 344.012 PIP 1966  |p 2524163  |r 2023-01-25  |w 2019-11-14  |y BK  |k DER